Tham khảo nhanh Visual Basic 6.0 : Hàm - khai báo - toán tử thuộc tính và phương thức

Cuốn sách Tham Khảo Nhanh Visual Basic 6.0 giúp cho bạn đọc tham khảo nhanh thư viện Hàm , Khai báo, Toán tử, Thuộc tính và Phương thức khi tham khảo hay xây dựng một ứng dụng bằng ngôn ngữ lập trình Visual Basic 6.0 trên nền Windows. Để giới thiệu v...

Cur síos iomlán

Đã lưu trong:
Sonraí Bibleagrafaíochta
Príomhúdar: Phạm, Hữu Khang
Formáid: Leabhar
Teanga:Undetermined
Foilsithe: Tp. Hồ Chí Minh Thống Kê 2004
Ábhair:
Clibeanna: Cuir Clib Leis
Gan Chlibeanna, Bí ar an gcéad duine leis an taifead seo a chlibeáil!
Thư viện lưu trữ: Trung tâm Học liệu Trường Đại học Cần Thơ
LEADER 01088nam a2200217Ia 4500
001 CTU_174418
008 210402s9999 xx 000 0 und d
020 |c 126000 
082 |a 005.133 
082 |b Kh106 
100 |a Phạm, Hữu Khang 
245 0 |a Tham khảo nhanh Visual Basic 6.0 : 
245 0 |b Hàm - khai báo - toán tử thuộc tính và phương thức 
245 0 |c Phạm Hữu Khang 
260 |a Tp. Hồ Chí Minh 
260 |b Thống Kê 
260 |c 2004 
520 |a Cuốn sách Tham Khảo Nhanh Visual Basic 6.0 giúp cho bạn đọc tham khảo nhanh thư viện Hàm , Khai báo, Toán tử, Thuộc tính và Phương thức khi tham khảo hay xây dựng một ứng dụng bằng ngôn ngữ lập trình Visual Basic 6.0 trên nền Windows. Để giới thiệu với bạn đọc 
650 |a Basic ( computer program language ),Basic (Ngôn ngữ lập trình máy tính) 
904 |i Cẩm Thân 
980 |a Trung tâm Học liệu Trường Đại học Cần Thơ